Nutrition and training for women bodybuilders.

Saved in:
Bibliographic Details
Other Authors: Weider, Joe.
Format: Book
Language:English
Published: Chicago : Contemporary Books, ©1984.
Series:Best of Joe Weider's Muscle & fitness.
Subjects:
Tags: Add Tag
No Tags, Be the first to tag this record!
LEADER 01209cam a2200373 a 4500
001 014468614-7
005 20150904184632.0
008 840130s1984 ilua 000 0 eng
010 |a  84003140  
020 |a 0809254689  |q (pbk.) 
020 |a 9780809254682  |q (pbk.) 
035 0 |a ocm10430500 
040 |a DLC  |b eng  |c DLC  |d OCL  |d BTCTA  |d YDXCP  |d OCLCQ  |d BDX  |d OCLCF  |d OCLCO  |d OCLCQ 
050 0 0 |a GV546.6.W64  |b N77 1984 
082 0 0 |a 646.7/5  |2 19 
245 0 0 |a Nutrition and training for women bodybuilders. 
260 |a Chicago :  |b Contemporary Books,  |c ©1984. 
300 |a 108 pages :  |b illustrations ;  |c 28 cm. 
336 |a text  |b txt  |2 rdacontent 
337 |a unmediated  |b n  |2 rdamedia 
338 |a volume  |b nc  |2 rdacarrier 
490 1 |a Best of Joe Weider's Muscle & fitness 
650 0 |a Bodybuilding for women. 
650 0 |a Women  |x Nutrition. 
650 0 |a Bodybuilding for women  |x Training. 
650 7 |a Bodybuilding for women.  |2 fast 
650 7 |a Bodybuilding for women  |x Training.  |2 fast 
650 7 |a Women  |x Nutrition.  |2 fast 
700 1 |a Weider, Joe. 
730 0 |a Muscle & fitness. 
830 0 |a Best of Joe Weider's Muscle & fitness. 
899 |a 415_565394 
988 |a 20150824 
906 |0 DLC